000 01864nam a2200313 a 4500
001 78059
003 BD-RjUL
005 20211209083102.0
008 210314s2014 bg a|||| m||| 00| 0 ben d
035 _a(BD-RjUL)78285
040 _aBD-RjUL
_bben /eng
_cBD-RjUL
_dBD-RjUL
041 _aben
082 _a297.74
_bAZA 2014
_223
100 _aআজাদ, মুহাম্মদ আবুল কালাম
_9245962
245 1 0 _aআল কুরআনে বর্ণিত নবীগণের দা'ওয়াত দানের পদ্ধতি ও কৌশল /
_cমুহাম্মদ আবুল কালাম আজাদ ;
_6গবেষণা তত্ত্বাবধায়ক : মুহাম্মদ রফিকুল ইসলাম
260 _aরাজশাহী :
_bইসলামিক ষ্টাডিজ বিভাগ, রাজশাহী বিশ্ববিদ্যালয়,
_c২০১৪
300 _a৪৮৪ পাতা :
_bচিএ ;
_c২৮ সেমি.
502 _aথিসিস (এম. ফিল.) -- ইসলামিক ষ্টাডিজ বিভাগ, রাজশাহী বিশ্ববিদ্যালয়, ২০১৪
504 _aগ্রন্থপঞ্জি : পাতা ৪৭৯-৪৮৪
600 _c .
_9246180
650 _aদাওয়াহ (ইসলাম)
_9246154
650 _aDaʻwah (Islam)
_9246155
650 _aইসলাম
_xমিশন
_xইতিহাস
_9246156
650 _aIslam
_xMissions
_xHistory
_9246157
650 _aইসলামী সভ্যতা
_xইতিহাস
_9246158
650 _aIslamic civilization
_xHistory
_9246159
700 _aইসলাম, মুহাম্মদ রফিকুল, গবেষণা তত্ত্বাবধায়ক
_9245965
942 _2ddc
_cTHE
999 _c78059
_d78059